| 000 | 01647nam a2200565 a 4500 | ||
|---|---|---|---|
| 003 | AR-BaBNM | ||
| 005 | 20251128204158.0 | ||
| 008 | 082120s2002 ||||||||||||||000 | spa|| | ||
| 020 | _a84-7774-060-7 | ||
| 040 | _cAR-BaBNM | ||
| 245 | 0 | 0 |
_aLa comprensión lectora _bcómo trabajar la idea principal en el aula |
| 260 |
_aMadrid _bVisor _c1990 |
||
| 300 |
_a299 p. _bil., gráfs. |
||
| 490 | 0 |
_aAprendizaje _vv. 60 |
|
| 504 | _aContiene bibliografía | ||
| 600 | 1 | 4 | _aCunningham, James W. |
| 600 | 1 | 4 | _aMoore, David W. |
| 600 | 1 | 4 | _aWinograd, Peter N. |
| 600 | 1 | 4 | _aBridge, Connie A. |
| 600 | 1 | 4 | _aAfflebach, Peter P. |
| 600 | 1 | 4 | _aJohnston, Peter H. |
| 600 | 1 | 4 | _aWilliams, Joanna F. |
| 600 | 1 | 4 | _aAulls, Mark W. |
| 600 | 1 | 4 | _aChou Hare, Victoria |
| 600 | 1 | 4 | _aBates Bingham, Adelaide |
| 600 | 1 | 4 | _aTaylor, Barbara M. |
| 600 | 1 | 4 | _aAlvermann, Donna E. |
| 600 | 1 | 4 | _aFlood, James |
| 600 | 1 | 4 | _aLapp, Diane |
| 600 | 1 | 4 | _aKameenui, Edward J. |
| 650 | 4 | _aPROCESO DE LECTURA | |
| 650 | 4 | _aLECTURA | |
| 650 | 4 | _aENSEÑANZA DE LA LECTURA | |
| 650 | 4 | _aMETODOS DE ESTUDIO | |
| 650 | 4 | _aMETODOS DE ESTUDIO | |
| 650 | 4 | _aTECNICAS DE ENSEÑANZA | |
| 650 | 4 | _aDESTREZAS LINGÜISTICAS | |
| 650 | 4 | _aPROCESO DE APRENDIZAJE | |
| 650 | 4 | _aDESARROLLO DE DESTREZAS | |
| 650 | 4 | _aMETODOS ACTIVOS | |
| 650 | 4 | _aTEORIAS DEL APRENDIZAJE | |
| 653 | _aCOMPRENSION LECTORA | ||
| 653 | _aINVESTIGACION EDUCATIVA | ||
| 700 | 1 |
_aBaumann, James F. _eeditor |
|
| 700 | 1 |
_aJiménez, Begoña _etraductor |
|
| 800 | 1 |
_aAlvarez, Amelia _edirector |
|
| 800 | 1 |
_aDel Río, Pablo _edirector |
|
| 942 | _cBK | ||
| 998 | _cGrace | ||
| 999 |
_c6487 _d6487 |
||